The work and teachings of the Apostles. (Record no. 5116)

000 -LEADER
fixed length control field 00569nam a2200181 a 4500
001 - CONTROL NUMBER
control field :::00002857$&:&@@
003 - CONTROL NUMBER IDENTIFIER
control field OkBaRHE
005 - DATE AND TIME OF LATEST TRANSACTION
control field 20000607103257.0
008 - FIXED-LENGTH DATA ELEMENTS--GENERAL INFORMATION
fixed length control field s1916 j 000 0 eng u
040 ## - CATALOGING SOURCE
Transcribing agency
100 1# - MAIN ENTRY--PERSONAL NAME
Personal name Kent, Charles Foster, 1897-1925.
245 14 - TITLE STATEMENT
Title The work and teachings of the Apostles.
260 ## - PUBLICATION, DISTRIBUTION, ETC. (IMPRINT)
Place of publication, distribution, etc New York, NY., :
Name of publisher, distributor, etc Charles Scribner's Sons
Date of publication, distribution, etc c1916
300 ## - PHYSICAL DESCRIPTION
Extent 313 p. : illus. ;
Dimensions 20 cm.
650 ## - SUBJECT ADDED ENTRY--TOPICAL TERM
Topical term or geographic name as entry element Apostles
942 ## - ADDED ENTRY ELEMENTS (KOHA)
Source of classification or shelving scheme
Koha item type Books
Copies
Copy number Price effective from Lost status Date last seen Withdrawn status Barcode Koha item type Full call number Source of classification or shelving scheme Permanent Location Date acquired Not for loan Shelving location Damaged status
12010-04-14 2018-03-16 2857BooksBS 2440 .K237 RHEMA Bible Training College2010-04-14 General Stacks